MCQs for the MRCS examination: applied basic sciences with explanatory answers (Record no. 32001)

MARC details
000 -LEADER
fixed length control field 00698nam a2200157 a 4500
008 - FIXED-LENGTH DATA ELEMENTS--GENERAL INFORMATION
fixed length control field 151102s2004 ||||||||||||||||| || u
050 ## - LIBRARY OF CONGRESS CALL NUMBER
Classification number RD 37.2 Anw
100 ## - MAIN ENTRY--PERSONAL NAME
Personal name Anwar, Rahij
245 10 - TITLE STATEMENT
Title MCQs for the MRCS examination: applied basic sciences with explanatory answers
Statement of responsibility, etc. By Rahij Anwar
260 ## - PUBLICATION, DISTRIBUTION, ETC.
Place of publication, distribution, etc. New Delhi
Name of publisher, distributor, etc. Jaypee Brothers Medical publishers
Date of publication, distribution, etc. 2004
300 ## - PHYSICAL DESCRIPTION
Extent xii, 160p.: ill.
350 ## -
-- 4.88
650 ## - SUBJECT ADDED ENTRY--TOPICAL TERM
Topical term or geographic name entry element SURGERY -- EXAMINATIONS, QUESTIONS, ETC
650 ## - SUBJECT ADDED ENTRY--TOPICAL TERM
Topical term or geographic name entry element MEDICINE -- EXAMINATIONS, QUESTIONS, ETC
995 ## -
-- MEDICAL LIBRARY OPEN ACCESS
-- 903280
-- CBU-SCHOOL OF MEDICINE LIBRARY (Ndola)
-- 4.88
-- RD 37.2 Anw
-- 1
-- AVAILABLE
-- Jan 25, 2016
-- 903280
-- Medical Library Open Access Collection
999 ## -
-- 32001
-- 32001
Holdings
Withdrawn status Lost status Source of classification or shelving scheme Damaged status Not for loan Permanent Location Current Location Shelving location Date acquired Total Checkouts Full call number Barcode Date last seen Price effective from Koha item type
          CBU-SCHOOL OF MEDICINE LIBRARY, NDOLA. CBU-SCHOOL OF MEDICINE LIBRARY, NDOLA.   11/30/2022   RD 37.2 Anw 903280 11/30/2022 11/30/2022 MONOGRAPH